[Event "Khanty-Mansiysk FIDE GP (Women)"]
[Site "Khanty-Mansiysk"]
[Date "2014.04.12"]
[Round "4"]
[White "Stefanova, Antoaneta"]
[Black "Girya, Olga"]
[Result "1/2-1/2"]
[WhiteElo "2489"]
[BlackElo "2450"]
[Annotator "ChessBase Website"]
[PlyCount "151"]
[EventDate "2014.04.09"]
[EventType "tourn"]
[EventRounds "11"]
[EventCountry "RUS"]
[EventCategory "10"]
[SourceTitle "CBM 160"]
[Source "ChessBase"]
[SourceDate "2014.05.15"]
[SourceVersion "1"]
[SourceVersionDate "2014.05.15"]
[SourceQuality "1"]
[TimeControl "40/5400+30:1800+30"]
[WhiteClock "1:30:00"]
[BlackClock "1:30:00"]

1. d4 {[%emt 0:00:00]} d5 {[%emt 0:00:00]} 2. c4 {[%emt 0:00:00]} c6 {[%emt 0:
00:00]} 3. Nf3 {[%emt 0:00:00]} Nf6 {[%emt 0:00:00]} 4. Qc2 {[%emt 0:00:00]}
dxc4 {[%emt 0:00:34]} 5. Qxc4 {[%emt 0:00:05]} Bg4 {[%emt 0:05:13]} 6. Nbd2 {
[%emt 0:01:24]} Nbd7 {[%emt 0:00:32]} 7. g3 {[%emt 0:04:58]} e6 {[%emt 0:00:33]
} 8. Bg2 {[%emt 0:01:06]} Be7 {[%emt 0:00:32]} 9. O-O {[%emt 0:03:25]} (9. Ne5
Bh5 10. Nxd7 Nxd7 11. O-O O-O 12. Nb3 a5 13. a4 Bb4 14. e4 e5 15. Be3 exd4 16.
Bxd4 Kh8 17. e5 Re8 18. f4 f6 19. exf6 Nxf6 20. Bf3 Bxf3 21. Rxf3 Re4 22. Re3
Rxe3 23. Bxe3 Qe8 24. Bb6 Qh5 25. Bd4 Re8 26. Rf1 Ng4 27. Qc2 c5 28. Nxc5 Rc8
29. Rd1 Bxc5 30. Bxc5 h6 31. Kh1 {0-1 (31) Mamedyarov,S (2757)-Anand,V (2770)
Khanty-Mansiysk 2014}) 9... O-O {[%emt 0:01:34]} 10. Re1 {[%emt 0:08:30]} Rc8 {
[%emt 0:06:15]} 11. Qb3 {[%emt 0:16:32]} b5 {[%emt 0:13:06]} 12. h3 $146 {
[%emt 0:15:59]} (12. Ne5 Nxe5 13. dxe5 Nd7 14. h3 Bh5 15. g4 Bg6 16. f4 a5 17.
Kh1 Bb4 18. Rf1 Nb6 {1/2-1/2 (18) Malakhatko,V (2543)-Milov,L (2510) Belgium
2012}) 12... Bh5 {[%emt 0:01:01]} 13. e4 {[%emt 0:08:18]} Qb6 {[%emt 0:03:59]}
14. a4 {[%emt 0:03:59]} a6 {[%emt 0:00:24]} 15. Bf1 {[%emt 0:00:21]} Rb8 {
[%emt 0:03:22]} 16. g4 {[%emt 0:11:46]} Bg6 {[%emt 0:00:18]} 17. Ne5 {[%emt 0:
00:08]} Nxe5 {[%emt 0:07:30]} 18. dxe5 {[%emt 0:00:04]} Nd7 {[%emt 0:00:06]}
19. Qg3 {[%emt 0:00:36]} f6 {[%emt 0:04:22]} 20. Nf3 {[%emt 0:06:16]} Bc5 {
[%emt 0:15:15]} 21. Bd3 {[%emt 0:12:02]} Nxe5 {[%emt 0:02:27]} 22. Nxe5 {
[%emt 0:00:06]} fxe5 {[%emt 0:00:04]} 23. Be3 {[%emt 0:00:05]} Bd4 {[%emt 0:04:
17]} 24. b4 {[%emt 0:00:36]} Rbd8 {[%emt 0:03:52]} 25. a5 {[%emt 0:01:53]} Qc7
{[%emt 0:01:08]} 26. Rac1 {[%emt 0:00:16]} Bxe3 {[%emt 0:00:53]} 27. Qxe3 {
[%emt 0:01:10]} Rd4 {[%emt 0:00:31]} 28. Rc3 {[%emt 0:01:55]} Qd6 {[%emt 0:02:
55]} 29. Rec1 {[%emt 0:00:08][%csl Rd3,Gd4] Stefanova was certainly lost in
the middlegame, where she had simply way too many weaknesses and she was down
a pawn. But, somehow, Girya exchanged in to the endgame too early and she made
conversion very complicated, to the point where she lost her way and let the
Bulgarian player escape with half a point.} Be8 {[%emt 0:07:26]} 30. Kg2 {
[%emt 0:00:04]} Qxb4 {[%emt 0:02:10]} 31. Rc5 {[%emt 0:00:42]} Qxa5 {[%emt 0:
01:15]} 32. Rxe5 {[%emt 0:00:32]} Qd8 {[%emt 0:00:14]} 33. Be2 {[%emt 0:01:03]}
Rd6 {[%emt 0:01:57]} 34. g5 {[%emt 0:00:22]} a5 {[%emt 0:02:24]} 35. Bg4 {
[%emt 0:01:01]} Bf7 {[%emt 0:00:18]} 36. h4 {[%emt 0:00:42]} Rd3 {[%emt 0:04:
01]} 37. Qc5 {[%emt 0:00:47]} Rd2 {[%emt 0:01:15]} 38. Qe3 {[%emt 0:00:33]} Rd3
{[%emt 0:02:50]} 39. Qc5 {[%emt 0:00:06]} Qd6 {[%emt 0:03:52]} 40. h5 {[%emt 0:
00:00]} Qxc5 {[%emt 0:00:00]} 41. Rexc5 {[%emt 0:03:01]} Rd6 {[%emt 0:12:29]}
42. e5 {[%emt 0:20:57]} Rd5 {[%emt 0:02:15]} 43. Rxd5 {[%emt 0:00:27]} cxd5 {
[%emt 0:00:14]} 44. Rc7 {[%emt 0:01:14]} b4 {[%emt 0:05:03]} 45. Rb7 {[%emt 0:
01:29]} Ra8 {[%emt 0:01:42]} 46. g6 {[%emt 0:01:10]} hxg6 {[%emt 0:00:05]} 47.
hxg6 {[%emt 0:00:03]} Bxg6 {[%emt 0:00:04]} 48. Bxe6+ {[%emt 0:00:05]} Kf8 {
[%emt 0:00:03]} 49. Bxd5 {[%emt 0:00:26]} Rd8 {[%emt 0:01:53]} 50. Bf3 {
[%emt 0:00:20]} Rd4 {[%emt 0:04:36]} 51. Kg3 {[%emt 0:02:28]} Be4 {[%emt 0:03:
35]} 52. Bxe4 {[%emt 0:00:19]} Rxe4 {[%emt 0:00:01]} 53. f4 {[%emt 0:00:36]} a4
{[%emt 0:01:12]} 54. Kg4 {[%emt 0:02:04]} a3 {[%emt 0:00:32]} 55. Ra7 {[%emt 0:
01:06]} Re2 {[%emt 0:00:36]} 56. Kf3 {[%emt 0:01:06]} Rc2 {[%emt 0:00:27]} 57.
f5 {[%emt 0:00:53]} a2 {[%emt 0:00:31]} 58. Ra8+ {[%emt 0:00:22]} Ke7 {[%emt 0:
03:43]} 59. Ra7+ {[%emt 0:00:05]} Kd8 {[%emt 0:00:43]} 60. Ra8+ {[%emt 0:00:07]
} Kc7 {[%emt 0:00:15]} 61. f6 {[%emt 0:01:28]} gxf6 {[%emt 0:00:36]} 62. exf6 {
[%emt 0:00:01]} Rc3+ {[%emt 0:00:44]} 63. Ke2 {[%emt 0:01:28]} Ra3 {[%emt 0:00:
59]} 64. Rxa3 {[%emt 0:00:39]} bxa3 {[%emt 0:00:01]} 65. f7 {[%emt 0:00:05]}
a1=Q {[%emt 0:00:04]} 66. f8=Q {[%emt 0:00:05]} Qb2+ {[%emt 0:00:45]} 67. Kd3 {
[%emt 0:00:19]} Qb3+ {[%emt 0:00:29]} 68. Kd2 {[%emt 0:01:05]} Qb2+ {[%emt 0:
00:15]} 69. Kd3 {[%emt 0:00:03]} Qb1+ {[%emt 0:01:04]} 70. Kd2 {[%emt 0:00:15]}
Qa2+ {[%emt 0:00:25]} 71. Kc3 {[%emt 0:01:21]} Qa1+ {[%emt 0:00:14]} 72. Kc2 {
[%emt 0:00:30]} a2 {[%emt 0:00:22]} 73. Qc5+ {[%emt 0:00:55]} Kd7 {[%emt 0:00:
06]} 74. Qb5+ {[%emt 0:00:46]} Ke6 {[%emt 0:00:09]} 75. Qb2 {[%emt 0:00:24]}
Qxb2+ {[%emt 0:00:06]} 76. Kxb2 {[%emt 0:00:05]} 1/2-1/2

[Event "Vienna op-A"]
[Site "Vienna"]
[Date "2016.08.21"]
[Round "7"]
[White "Arkell, Keith C"]
[Black "Keymer, Vincent"]
[Result "0-1"]
[WhiteElo "2464"]
[BlackElo "2348"]
[Annotator "Fischer,J"]
[PlyCount "82"]
[EventDate "2016.08.16"]
[EventType "swiss"]
[EventRounds "9"]
[EventCountry "AUT"]
[SourceTitle "CBM 173 Extra"]
[Source "ChessBase"]
[SourceDate "2016.08.29"]
[SourceVersion "1"]
[SourceVersionDate "2016.08.29"]
[SourceQuality "1"]

1. d4 d5 2. c4 c6 3. Nf3 Nf6 4. Qc2 dxc4 5. Qxc4 Bf5 6. Nc3 e6 7. g3 Nbd7 8.
Bg2 Be7 9. O-O O-O 10. Bg5 Ne4 11. Bxe7 Qxe7 12. Rfd1 Nxc3 13. bxc3 Bc2 14. Rd2
Be4 15. a4 Nb6 16. Qb3 c5 17. Ne5 Bxg2 18. Kxg2 cxd4 19. cxd4 Rfc8 20. a5 Nd5
21. Qa3 Qc7 22. Rb2 b6 $2 {[#]A mistake that could have brought Black into
trouble.} 23. axb6 $2 ({Missing a big chance. After} 23. e4 $1 {Black is
suddenly in trouble, e.g.} Nf6 ({after} 23... f6 24. exd5 fxe5 25. axb6 axb6
26. Qxa8 Rxa8 27. Rxa8+ Kf7 28. dxe6+ Kxe6 29. Re8+ Kf7 30. Rxe5 {White is
winning - Black's queen is helpless against the two white rooks.}) 24. axb6 Qb7
25. bxa7 Qxe4+ 26. f3 Qxd4 27. Nc6 {and Black loses material: White threatens
to fork on e7 and Black cannot take on c6 because of} Rxc6 28. Rb8+ Rc8 29.
Rxc8+ Rxc8 30. a8=Q) 23... Qb7 {Now Black is fine again.} 24. Qf3 axb6 25. Rab1
Rab8 26. Kg1 Qa7 27. Rb3 Rc7 28. h4 Rbc8 29. e4 Nc3 30. R1b2 b5 31. Qd3 Qa8 32.
f3 Qa1+ 33. Qf1 $2 {[#] Now Black wins.} ({After} 33. Kg2 {the position is
still roughly equal.}) 33... Nd1 $2 34. Rxb5 Rc1 35. Nd3 Ne3 36. Nxc1 Nxf1 37.
Rb1 Qxd4+ 38. Kxf1 Qd1+ 39. Kg2 Rc2+ 40. Kh3 h6 41. Na2 Qxf3 0-1

[Event "Olympiad-40"]
[Site "Istanbul"]
[Date "2012.09.05"]
[Round "8.2"]
[White "Mamedyarov, Shakhriyar"]
[Black "Wang, Yue"]
[Result "1-0"]
[WhiteElo "2729"]
[BlackElo "2685"]
[Annotator "Ftacnik,L"]
[PlyCount "77"]
[EventDate "2012.08.28"]
[EventType "team-swiss"]
[EventRounds "11"]
[EventCountry "TUR"]
[SourceTitle "CBM 151"]
[Source "ChessBase"]
[SourceDate "2012.11.13"]
[SourceVersion "1"]
[SourceVersionDate "2012.11.13"]
[SourceQuality "1"]
[WhiteTeam "Azerbaijan"]
[BlackTeam "China"]
[WhiteTeamCountry "AZE"]
[BlackTeamCountry "CHN"]

1. d4 d5 2. c4 c6 3. Nf3 Nf6 4. Qb3 dxc4 5. Qxc4 Bf5 6. g3 e6 7. Bg2 Nbd7 8.
O-O Be7 9. Nc3 O-O {A well known position from the variation, that might be a
bit controversial for Black. He gave up the pawn centre on move 4, but gained
the chance to develop the problematic bishop to f5. White does not have an
easy task to take advantage of the potential mobility of his e-pawn.} 10. Re1
Ne4 11. Qb3 Qb6 12. Nh4 {The fight for the control of the e4-square is the
critical feature of this position. Mamedyarov is not afraid to compromise his
pawn structure.} Qxb3 13. axb3 Bb4 {Black prefers to play a smart move and
instead of grabbing the knight he uses the bishop for the pressure along the
a5-e1 diagonal.} (13... Bxh4 14. gxh4 Nef6 (14... Ndf6 15. f3 Nxc3 16. bxc3 Bc2
17. Ra3 a5 18. e4 a4 19. bxa4 Rxa4 20. Rxa4 Bxa4 21. Bf4 $16 {1-0 Gyimesi,Z 
(2616)-Seres,L (2444)/Hungary 2006 (66)}) 15. e4 Bg6 16. Bf4 (16. Be3 Ng4 17.
Bf4 e5 18. dxe5 Ngxe5 19. Red1 Bh5 20. Rd6 f6 21. Be3 $16 {1/2-1/2 Agrest,E 
(2571)-Shirov,A (2710)/Tallinn 2006 (88)}) 16... Rfe8 17. Bd6 e5 18. dxe5 Nxe5
19. f4 Nd3 20. Re3 Nxb2 21. Ba3 $18 {1-0 Burmakin,V (2593)-Gorkavij,V (2378)/
Belorechensk 2012 (24)}) 14. Nxf5 (14. Ra4 Bxc3 15. bxc3 Nxc3 16. Nxf5 exf5 17.
Ra5 g6 (17... Rfe8 18. Bb2 Nb5 19. d5 Rac8 20. dxc6 bxc6 21. Bxc6 Rxc6 22. Rxb5
$11 {1/2-1/2 Miroshnichenko,E (2646)-De Jong,J (2426)/Antwerp 2007 (36)}) 18.
Bb2 Ne4 19. g4 Rfe8 20. gxf5 $14 {0-1 Nyback,T (2639)-Kulaots,K (2531)/
Jyvaskyla 2008 (78)}) 14... exf5 15. Nxe4 $5 $146 {[%mdl 1024] Mamedyarov is
known as as an extraordinary tactician, but he is trying to broaden his
strategic vision. The sacrifice of the exchange is new, but at this moment
positionally a very sound solution.} (15. Bxe4 fxe4 16. Bd2 Rfe8 17. Nxe4 Rxe4
18. Bxb4 Rxd4 19. Bc3 Rd6 20. Rad1 Rxd1 21. Rxd1 Nc5 (21... Nf8 22. f4 Re8 23.
Kf2 f6 24. Kf3 $14 {1-0 Khenkin,I (2655)-Michiels,B (2429)/Belgium 2008 (71)})
22. b4 Na4 23. Bd4 Rd8 24. e3 (24. Rd3 f6 25. Kg2 (25. f4 Kf7 26. Kf2 Nb6 27.
Kf3 Nc8 28. e4 a5 $15 {1/2-1/2 Khenkin,I (2655)-Mastrovasilis,D (2563)/
Subotica 2008 (59)}) 25... Kf7 26. Kf3 {0-1 Gajewski,G (2573)-Volkov,S (2648)/
Khanty-Mansiysk 2007 (49) 1/2-1/2 Khenkin,I (2613)-Dreev,A (2662)/Sibenik 2009}
) 24... Nxb2 25. Ra1 Nd3 26. Rxa7 Nxb4 27. Rxb7 Nd5 28. Kf1 (28. Kg2 h6 29. f4
Rc8 30. e4 Nf6 31. e5 $14 {1/2-1/2 Alekseev,E (2679)-Leko,P (2738)/Dortmund
2007 (34)}) 28... Rc8 29. e4 $14 {1-0 Paragua,M (2508)-Arngrimsson,D (2375)/
Istanbul 2012 (48)}) 15... Bxe1 {Wang Yue belongs to the top tier in the world
and thus he finds courage to bite the bullet instead of meekly accepting a
slightly worse position without the bishop pair.} (15... fxe4 16. Rd1 f5 (16...
Rfe8 17. d5 cxd5 18. Rxd5 Nc5 19. Be3 $16) 17. g4 fxg4 18. Bxe4 $14) 16. Nd6
Bb4 (16... Nf6 17. Nxb7 Ne4 18. Be3 Bb4 19. g4 a5 (19... g6 20. gxf5 gxf5 21.
Na5 $14) 20. gxf5 Rfe8 21. Nc5 Nxc5 22. dxc5 $14) 17. Nxb7 Rfc8 18. Na5 Bxa5 {
Black was well advised to avoid full pasivity, as this would have worsened his
position.} (18... Nb8 19. Be3 Kf8 20. Ra4 Be7 21. h4 $16) 19. Rxa5 Rab8 (19...
g6 20. Bf4 Nf6 (20... a6 21. d5 cxd5 22. Bxd5 Ra7 23. Be3 Rac7 24. Rxa6 $14)
21. Ra6 Nd5 22. Bd6 $14) 20. Rxa7 Nf6 21. Ra6 Ra8 {The star from Azerbaijan
was probably calculating with contradictory feelings to those of his opponent
during the solving of the problems. Black could have forced a position, which
he would not lose with 21...Rxb3!, but probably wanted more.} (21... Rxb3 $1
22. Bxc6 Rb4 23. Be3 Rxb2 24. Kf1 Rb1+ 25. Kg2 Rb2 $11) 22. Ra4 $1 Rxa4 23.
bxa4 c5 $6 {The damgerous playing with fire continues and Black is testin, how
much his position can bear. Somewhat less risky was the counterplay along the
b-file.} (23... Rb8 24. Bxc6 (24. a5 Rb4 25. e3 Ne4 26. f3 Rc4 27. fxe4 Rxc1+
28. Kf2 $11) 24... Rc8 25. d5 Nxd5 26. Bxd5 Rxc1+ 27. Kg2 Rc5 28. Bb3 Kf8 29.
Kf3 Rc1 $11) 24. Bf4 $1 cxd4 25. Bb7 (25. a5 Ne4 26. g4 Rc2 27. gxf5 Rxe2 28.
Bf3 Re1+ 29. Kg2 d3 30. a6 d2 31. a7 Ra1 32. Bxd2 Nxd2 33. a8=Q+ Rxa8 34. Bxa8
$16) 25... Rc4 $2 {The hunger for complications has become fatal for Wang Yue,
as he failed to find the best line in a complex position. After the best 25...
Rc2! he could still have managed to draw.} (25... Rc2 $1 26. a5 Rxe2 27. a6
Re1+ 28. Kg2 Ra1 29. b4 d3 30. b5 Ne4 31. b6 Nc5 32. Be3 d2 33. Bxd2 Nxa6 34.
Bc8 g6 35. b7 Rb1 $11) 26. a5 Ne4 27. a6 Ra4 28. b4 $1 Nc3 29. Bc7 {Mamedyarov
is in his element , since the clear strategic plan to help advance the passed
a-pawn can be combined with precise calculations.} Nxe2+ (29... g5 30. Ba5 Ra1+
31. Kg2 Nb5 32. h4 h6 33. Bd5 $16) 30. Kg2 Nc3 {This retreat from glory was
surely painful for Black. The advance of the two passed pawns would have ended
without much luck for him - a queen ending without a chance to resist.} (30...
d3 31. Ba5 d2 32. a7 Rxa5 (32... h6 33. a8=Q+ Kh7 34. Qd8 Ra2 35. Bc8 g6 36.
Bc7 $18) 33. bxa5 Kf8 34. a8=Q+ Ke7 35. Bf3 d1=Q 36. Bxe2 Qxe2 37. a6 $18) 31.
Ba5 Nb5 32. Bc6 Rxa5 (32... Nc7 33. Bxa4 Nxa6 34. b5 $18) 33. Bxb5 $1 {The
aesthetic highlight of the game, since White has decided to prove the
potential of his pawns instead of more careful play of bishop against knight
after 33.bxa5.} (33. bxa5 Na7 34. Ba4 Kf8 35. Bc2 g6 36. Kf3 $16) 33... Ra1 (
33... Ra3 34. Bc4 d3 35. Kf3 Rc3 36. b5 $1 Rxc4 37. a7 Rc8 (37... Ra4 38. b6 d2
39. Ke2 $18) 38. Ke3 $1 $18) (33... Rxb5 34. a7 $18) 34. Bc4 d3 35. Bxd3 Kf8
36. b5 Ke7 37. b6 Kd6 (37... Kd8 38. a7 Kc8 39. Bxf5+ Kb7 40. Be4+ $18) 38. Bb5
$1 {The bishop is returning to the b5-square with a decisive impact. White's
grand plan has been fully vindicated.} Kc5 (38... g6 39. a7 $18) 39. b7 1-0

[Event "WchT 3rd"]
[Site "Luzern"]
[Date "1993.??.??"]
[Round "2.2"]
[White "Akopian, Vladimir Eduardovic"]
[Black "Brunner, Lucas"]
[Result "1/2-1/2"]
[WhiteElo "2600"]
[BlackElo "2475"]
[Annotator "Ftacnik,L"]
[PlyCount "63"]
[EventDate "1993.10.24"]
[EventType "team-tourn"]
[EventRounds "9"]
[EventCountry "SUI"]
[SourceTitle "CBM 038"]
[Source "ChessBase"]
[SourceDate "1994.02.01"]
[SourceVersion "1"]
[SourceVersionDate "1994.02.01"]
[SourceQuality "1"]
[WhiteTeam "Armenia"]
[BlackTeam "Switzerland"]
[WhiteTeamCountry "ARM"]
[BlackTeamCountry "SUI"]

1. d4 d5 2. Nf3 Nf6 3. c4 dxc4 4. Qa4+ Nc6 5. Nc3 Nd5 6. e4 (6. Qxc4 Nb6 7. Qd3
e5 $1 $10) 6... Nb6 7. Qd1 Bg4 8. d5 Ne5 9. Bf4 Ng6 10. Bg3 e6 11. dxe6 Bxe6
12. Qxd8+ Rxd8 13. Bxc7 Rd7 14. Bxb6 axb6 15. Ng5 Ne5 16. f4 Nd3+ 17. Bxd3 Rxd3
18. Nxe6 fxe6 19. Rd1 Rxd1+ 20. Kxd1 Kd7 $1 21. Kc2 Kc6 22. Rd1 Bc5 23. Ne2 Rf8
24. h4 b5 25. a3 g6 (25... e5 26. g3 (26. f5 g6 27. g4 gxf5 28. exf5 h5 29. Ng3
hxg4 30. h5 Bf2 31. Ne4 Rxf5 32. Rf1 Rf4 33. h6 g3 34. Nxg3 Bd4 $15) 26... Bf2
27. h5 {/\ Rd5}) 26. e5 h6 27. Nd4+ Bxd4 28. Rxd4 g5 29. fxg5 hxg5 30. hxg5 (
30. h5 Rf2+ 31. Rd2 Rf1 32. g4 Rh1 $10) 30... Rf2+ 31. Rd2 Rf5 32. Rd6+ (32.
Rd6+ Kc5 33. Rxe6 Rxg5 34. Re7 Rxg2+ $10) 1/2-1/2